NURSING RESEARCH STATISTICS (Record no. 6833)

MARC details
000 -LEADER
fixed length control field 00351nam a2200145Ia 4500
008 - FIXED-LENGTH DATA ELEMENTS--GENERAL INFORMATION
fixed length control field 150301s2014 xx 000 0 und d
082 ## - DEWEY DECIMAL CLASSIFICATION NUMBER
Classification number 610.7362
Item number N14P
100 ## - MAIN ENTRY--PERSONAL NAME
Personal name POLIT, DENISE F.
245 ## - TITLE STATEMENT
Title NURSING RESEARCH STATISTICS
250 ## - EDITION STATEMENT
Edition statement 9TH
260 ## - PUBLICATION, DISTRIBUTION, ETC. (IMPRINT)
Name of publisher, distributor, etc. WOLTER KLUWER
Date of publication, distribution, etc. 2014
300 ## - PHYSICAL DESCRIPTION
Extent 802
650 ## - SUBJECT ADDED ENTRY--TOPICAL TERM
Topical term or geographic name as entry element NURSING RESEARCH
942 ## - ADDED ENTRY ELEMENTS (KOHA)
Source of classification or shelving scheme Dewey Decimal Classification
Koha item type Books
Koha issues (borrowed), all copies 17
Holdings
Withdrawn status Lost status Source of classification or shelving scheme Damaged status Not for loan Collection code Home library Current library Shelving location Date acquired Source of acquisition Cost, normal purchase price SGTU Bill Number Total Checkouts Full call number Barcode Checked out Date last seen Date last checked out Bill Date Koha item type Total Renewals
    Dewey Decimal Classification     NURSING SGT Medical Library SGT Medical Library Text Book 02/07/2015 ABC DELHI 995.00 SGTU 5533 5 610.7362 N14P FN2836 01/07/2026 01/06/2026 01/06/2026 25/03/2015 Books  
    Dewey Decimal Classification     NURSING SGT Medical Library SGT Medical Library Text Book 02/07/2015 ABC DELHI 995.00 SGTU 5533 7 610.7362 N14P FN2837   13/08/2024 23/01/2023 25/03/2015 Books  
    Dewey Decimal Classification     NURSING SGT Medical Library SGT Medical Library Text Book 02/07/2015 ABC DELHI 995.00 SGTU 5533 3 610.7362 N14P FN2838   08/01/2024 15/12/2023 25/03/2015 Books  
    Dewey Decimal Classification     NURSING SGT Medical Library SGT Medical Library Text Book 02/07/2015 ABC DELHI 995.00 SGTU 5533 6 610.7362 N14P FN2839   29/08/2025 09/10/2024 25/03/2015 Books 1
    Dewey Decimal Classification     NURSING SGT Medical Library SGT Medical Library Text Book 02/07/2015 ABC DELHI 995.00 SGTU 5533 9 610.7362 N14P FN2840   20/12/2024 02/12/2024 25/03/2015 Books  
    Dewey Decimal Classification     NURSING SGT Medical Library SGT Medical Library Text Book 02/07/2015 ABC DELHI 995.00 SGTU 5533 3 610.7362 N14P FN2841   28/08/2025 28/08/2025 25/03/2015 Books